00345nam a2200133Ia 4500008004500000022001200045041000800057082001400065100001500079245007200094260002400166300001400190440000700204240112s1967 MAY xx 000 0 und d a54-6097 aeng a618.92705 aBANKS H.H. aTHE PEDIATRIC CLINICS OF NORTH AMERICA: MUSCULOSKELETAL DISORDERS I bSAUNDERS c1967 MAY a532,HBc2 v14